| 000 -LEADER |
| fixed length control field |
00634nam a22002177a 4500 |
| 008 - FIXED-LENGTH DATA ELEMENTS--GENERAL INFORMATION |
| fixed length control field |
140527b xxu||||| |||| 00| 0 eng d |
| 020 ## - INTERNATIONAL STANDARD BOOK NUMBER |
| International Standard Book Number |
9780821384398 |
| 041 0# - LANGUAGE CODE |
| Language code of text/sound track or separate title |
eng |
| 080 ## - UNIVERSAL DECIMAL CLASSIFICATION NUMBER |
| Universal Decimal Classification number |
355/.033 |
| 110 ## - |
| -- |
World Bank Staff |
| 245 ## - TITLE STATEMENT |
| Title |
World Development Report 2011 |
| 260 ## - |
| -- |
Washington : |
| -- |
World Bank Publications; |
| -- |
2011. |
| 300 ## - |
| -- |
384 f.: |
| -- |
me il.; |
| -- |
27 cm. |
| 490 ## - |
| -- |
World Development Report Ser. |
| 500 ## - |
| -- |
Foreword: f. XI-XII |
| 505 ## - |
| -- |
Index: f. 365-384 |
| 650 #0 - |
| -- |
Bota |
| 650 #0 - |
| -- |
Raporti |
| 650 #0 - |
| -- |
Zhvillimi |
| 942 ## - ADDED ENTRY ELEMENTS (KOHA) |
| Source of classification or shelving scheme |
|
| Item type |
Books |